| 000 | 00737cab a2200265 4500 | ||
|---|---|---|---|
| 001 | ABS51473 | ||
| 008 | 090401t1994 xxu||||| |||| 00| 0 eng d | ||
| 035 | _a(Sirsi) u29052 | ||
| 041 | _aeng | ||
| 245 | _aGrowing energy | ||
| 260 | _c1994 | ||
| 350 | _a0 | ||
| 490 |
_aCountry Landowner _vSeptember 1994, 22-23(2) |
||
| 520 | _aShort rotation coppice is proving a profitable source of income for growing on non-rotational set-aside land. | ||
| 650 | _aENERGY CROPS | ||
| 650 | _aFARMLAND | ||
| 650 | _aNON-ROTATIONAL SET-ASIDE | ||
| 650 | _aRENEWABLE ENERGY | ||
| 650 | _aSET-ASIDE | ||
| 650 | _aSHORT ROTATION COPPICE | ||
| 650 | _aWOODLAND GRANTS | ||
| 690 | _aRURAL PRACTICE | ||
| 942 | _n0 | ||
| 948 | _c04/03/1997 | ||
| 999 |
_c19554 _d19554 |
||